| 000 | 00968pam a2200265 a 4500 | ||
|---|---|---|---|
| 999 |
_c129333 _d129333 |
||
| 001 | 4679890 | ||
| 003 | ARRUPE | ||
| 005 | 20190401092349.0 | ||
| 008 | 811029s1982 enk b 001 0 eng | ||
| 010 | _a 81019882 | ||
| 020 |
_a0710009496 : _c$20.00 |
||
| 040 |
_aDLC _cDLC _dDLC |
||
| 050 | 0 | 0 |
_aGT3670 _b.Z54 1982 |
| 082 | 0 | 0 |
_a305.5/6 _219 |
| 100 | 1 |
_aZijderveld, Anton C., _d1937- _917662 |
|
| 245 | 1 | 0 |
_aReality in a looking-glass : _brationality through an analysis of traditional folly / _cAnton C. Zijderveld. |
| 260 |
_aLondon ; _aBoston : _bRoutledge & Kegan Paul, _c1982. |
||
| 300 |
_aix, 199 p. ; _c22 cm. |
||
| 440 | 0 |
_aInternational library of sociology _926013 |
|
| 504 | _aIncludes bibliographical references and indexes. | ||
| 650 | 0 |
_aFools and jesters _xSocial aspects. _945629 |
|
| 650 | 0 |
_aFolly _xSocial aspects. _945630 |
|
| 650 | 0 |
_aReality _xSocial aspects. _945631 |
|
| 906 |
_a7 _bcbc _corignew _d1 _eocip _f19 _gy-gencatlg |
||
| 942 |
_2lcc _cMONOGRAPH |
||